01457nam a2200349 a 4500001001000000003000500010005001700015008004100032010001100073011001100084040000900095090001000104100003700114245017600151260004100327500006000368502010700428590004100535590004000576590004000616590004000656650004900696650005600745650003700801650004300838856007000881901000700951942001000958942000600968999001900974952011400993000115755CHAP20220329144547.0190702s2019 mx a |sm |||||||spa d a112216 a113188 cCHAP aTesis1 aLemos Figueroa, Marisel.913636110aPobreza alimentaria en zonas cafetaleras de México, estudio de caso:h[En línea]bregión de las grandes montañas, Estado de Veracruz /cpor Marisel Lemos Figueroa. aChapingo, Méx. :bEl autor,c2019. aPara ver el contenido del material haga clic en la liga aTesis (PhD. en Ciencias en Desarrollo Rural Regional) -- UACH. Dirección General de Control Regional aBATCH-UPDb05c20190702lUCH01h1229 aE6339RRRb05c20190702lUCH01h1130 aE6339RRRb05c20190702lUCH01h1130 aE6339RRRb05c20190702lUCH01h122814aComunidades ruralesxAlimentación.913136014aComunidades ruralesxPolítica y gobierno.913200114aPobreza ruralzVeracruz.913564514aVeracruzxCondiciones rurales.9118808 aFinding aiduhttp://10.13.5.2/tesis/sist115755.pdfzTeclea aquí aBK cTESIS n0 c112216d112216 00102local40718TESISaBCbBCd2019-07-02fTESISl0oTesisp115765-10r2019-12-31 00:00:00w2019-07-02yCD